| 000 | 01368cam a2200361 i 4500 | ||
|---|---|---|---|
| 001 | 15100918 | ||
| 003 | EG-ScBUE | ||
| 005 | 20240911141708.0 | ||
| 008 | 071203t2008 maua f bd 001 0 eng d | ||
| 020 | _a9780763741259 (hbk.) | ||
| 020 | _a0763741256 (hbk.) | ||
| 035 | _a(OCoLC)ocn176902466 | ||
| 035 | _a(OCoLC)176902466 | ||
| 040 |
_aDLC _beng _erda _cDLC _dBTCTA _dYDXCP _dBAKER _dC#P _dDLC _dEG-ScBUE |
||
| 082 | 0 | 4 |
_a511.3 _222 _bGOD |
| 100 | 1 |
_aGoddard, Wayne _q(Wayne Dean) _eauthor. _913092 |
|
| 245 | 1 | 0 |
_aIntroducing the theory of computation / _cWayne Goddard, Clemson University. |
| 264 | 1 |
_aSudbury, Mass. : _bJones and Bartlett Publishers, _c[2008] |
|
| 264 | 4 | _cc2008 | |
| 300 |
_axii, 228 pages : _billustrations ; _c24 cm |
||
| 336 |
_2rdacontent _atext _btxt |
||
| 337 |
_aunmediated _2rdamedia _bn |
||
| 338 |
_avolume _bnc _2rdacarrier |
||
| 500 | _aIncludes glossary. | ||
| 504 | _aIncludes bibliographical references and index. | ||
| 650 | 7 |
_aMachine theory. _2BUEsh _913093 |
|
| 650 | 7 |
_aComputational complexity. _2BUEsh _913094 |
|
| 655 | _vReading book | ||
| 856 | 4 | 1 |
_3Table of contents _uhttp://www.loc.gov/catdir/toc/fy0804/2007049462.html |
| 942 |
_2ddc _cBB |
||
| 999 |
_c13773 _d13773 |
||